Reason and numbers
The book draws upon a wide variety of reports, magazines, newspaper, journals and books. There are numerous excercises for the reader, with notes to assist those working on their own.
Uloženo v:
| Hlavní autor: | |
|---|---|
| Médium: | Kniha |
| Jazyk: | Undetermined |
| Vydáno: |
New York
Penguin Books
1980
|
| Témata: | |
| Tagy: |
Přidat tag
Žádné tagy, Buďte první, kdo otaguje tento záznam!
|
| Thư viện lưu trữ: | Trung tâm Học liệu Trường Đại học Cần Thơ |
|---|
| LEADER | 00667nam a2200193Ia 4500 | ||
|---|---|---|---|
| 001 | CTU_218290 | ||
| 008 | 210402s9999 xx 000 0 und d | ||
| 082 | |a 519.5 | ||
| 082 | |b M823 | ||
| 100 | |a Moore, Peter G. | ||
| 245 | 0 | |a Reason and numbers | |
| 245 | 0 | |c Peter G. Moore | |
| 260 | |a New York | ||
| 260 | |b Penguin Books | ||
| 260 | |c 1980 | ||
| 520 | |a The book draws upon a wide variety of reports, magazines, newspaper, journals and books. There are numerous excercises for the reader, with notes to assist those working on their own. | ||
| 650 | |a Statistics,Thống kê | ||
| 904 | |i Trúc | ||
| 980 | |a Trung tâm Học liệu Trường Đại học Cần Thơ | ||